Les plus gros clubs de foot en Mayenne - Statistiques

Statistiques générales
  • Ce quiz a été pris 164 fois
  • Le résultat moyen est 16 sur 40
Statistiques - réponses
Niveau Club % Correct
D1 Laval ASPTT
100%
R3 Laval Bourny AS
100%
D1 Laval Maghreb JS
100%
R3 Laval US
100%
L2 Stade Lavallois
100%
R1 Changé US
80%
N3 Ancienne Château-Gontier
78%
R3 FC Château-Gontier
78%
R1 Mayenne Stade FC
77%
R2 Ernée
65%
R2 Evron CA
63%
R3 FC Craon
45%
R3 Meral Cosse US
44%
R3 Saint-Berthevin US
42%
R3 FC Lassay Le Horps
37%
D1 FC Gorron
36%
R3 Louverné Sport
33%
R3 Entrammes US
32%
R3 Meslay du Maine AS
32%
D1 L'Huisserie ASL
30%
R3 Montsurs USCP
26%
D1 Saint Pierre la Cour
26%
D1 Pré en Pail US
24%
D1 Forcé US
23%
D1 Aron US
22%
R3 Andouillé AS
21%
D1 Vaiges AS
19%
R3 Soulgé Louvigné FC
18%
R1 ES Bonchamp
17%
D1 Montenay ASO
14%
R3 Saint-Ouën-des-Toits
13%
D1 Ahuillé
11%
R3 Laigné Loigné Athle
11%
D1 Le Bourgneuf AS
11%
D1 Saint Denis d'Anjou US
7%
D1 FC Aisne
5%
D1 Chantrigné US
4%
D1 SC Anjou
3%
D1 Bazoge Montpincon US
2%
R3 Ambrirères Cigne FC
1%
Aucun quiz correspondant
Distribution des résultats
% des personnes avec chaque résultat
Percentile par nombre de réponses
Votre historique - résultats
Vous n’avez pas pris ce quiz